Movies Quiz

Random Movies or Director Quiz

Ben Stiller's Directors Quiz Stats

Quiz not verified by Sporcle

Challenge
Share
Tweet
Embed
Score 0/10 Timer 05:00
0 Plays Today
Last Word of Film Titles The Director % Correct
Bites Guy Zoolander Thunder Mitty 2Ben Stiller
90.6%
Mary KidBobby Farrelly
79.2%
Mary KidPeter Farrelly
79.2%
Museum 2 TombShawn Levy
35.8%
Parents FockersJay Roach
32.1%
Madagadcar Africa Megamind WantedTom McGrath
30.2%
Greenberg Young Selected)Noah Baumbach
30.2%
Madagascar Africa WantedEric Darnell
20.8%
Effect County*Jake Kasdan
20.8%
Hutch ScoundrelsTodd Phillips
18.9%

You're not logged in!

Compare scores with friends on all Sporcle quizzes.
Join for Free
OR
Log In

You Might Also Like...

Show Comments

Extras

Top Quizzes Today


Score Distribution

Your Account Isn't Verified!

In order to create a playlist on Sporcle, you need to verify the email address you used during registration. Go to your Sporcle Settings to finish the process.

Report this User

Report this user for behavior that violates our Community Guidelines.

Details: